History and development of publishing in the modern world / (Record no. 55095)

MARC details
000 -LEADER
fixed length control field 01083nam a22002057a 4500
005 - DATE AND TIME OF LATEST TRANSACTION
control field 20110809145313.0
010 ## - LCCN (DPL NO)
LC control number B-425145-146
020 ## - INTERNATIONAL STANDARD BOOK NUMBER
International Standard Book Number 9788174453873
Terms of availability 595.00
035 ## - SYSTEM CONTROL NUMBER
System control number B-425145-146
037 ## - SOURCE OF ACQUISITION
Source of stock number/acquisition Researchco Book Centre
082 ## - DEWEY DECIMAL CLASSIFICATION NUMBER
Classification number 070.5
100 ## - MAIN ENTRY--PERSONAL NAME
Personal name Fernandes, S.
245 ## - TITLE STATEMENT
Title History and development of publishing in the modern world /
Statement of responsibility, etc S. Fernandes.
260 ## - PUBLICATION, DISTRIBUTION, ETC. (IMPRINT)
Place of publication, distribution, etc New Delhi
Name of publisher, distributor, etc Mohit Publications
Date of publication, distribution, etc 2007.
300 ## - PHYSICAL DESCRIPTION
Extent viii, 214 p.
Dimensions 22 cm (Hb)
942 ## - ADDED ENTRY ELEMENTS (KOHA)
Source of classification or shelving scheme Dewey Decimal Classification
Item type English Books
Classification part 070.5
Call number suffix FER
Holdings
Withdrawn status Lost status Not for loan Collection code Home library Current library Date acquired Source of acquisition Cost, normal purchase price Full call number Barcode Copy number Cost, replacement price Koha item type
      Non-fiction Central Library Central Library 10/08/2011 Researchco Book Centre/RBC-22386/2011-12/14.3.11/76/4.3.11/23.3.11 595.00 070.5 FER B-425145 1 595.00 English Books
      Non-fiction Sarojini Nagar Sarojini Nagar 10/08/2011 Researchco Book Centre/RBC-22386/2011-12/14.3.11/76/4.3.11/23.3.11 595.00 070.5 FER B-425146 1 595.00 English Books

© Delhi Public Library
Hit Counter
free hit counter